<?xml version="1.0" encoding="UTF-8"?>
<marc:record xmlns:marc="http://www.loc.gov/MARC21/slim">
   <marc:leader>00000nam a2200000 a 4500</marc:leader>
   <marc:datafield ind1="1" ind2=" " tag="100">
      <marc:subfield code="a">Frank, Rebekka</marc:subfield>
      <marc:subfield code="4">aut</marc:subfield>
      <marc:subfield code="e">Verfasser/-in</marc:subfield>
   </marc:datafield>
   <marc:datafield ind1="0" ind2="0" tag="245">
      <marc:subfield code="a">Stromlinien</marc:subfield>
   </marc:datafield>
   <marc:datafield ind1="0" ind2="0" tag="245">
      <marc:subfield code="b">Roman</marc:subfield>
   </marc:datafield>
   <marc:datafield ind1=" " ind2="1" tag="264">
      <marc:subfield code="b">Fischer</marc:subfield>
      <marc:subfield code="c">2025</marc:subfield>
   </marc:datafield>
   <marc:datafield ind1="1" ind2=" " tag="520">
      <marc:subfield code="a">Enna und Jale sind in den Elbmarschen zu Hause. Sie leben im Rhythmus von Ebbe und Flut, beobachten Kormorane und Austernfischer  und zählen die Tage, bis ihre Mutter Alea aus der Haft entlassen wird. Doch als es endlich so weit ist, verschwindet nicht nur Alea, sondern auch Jale. Entschlossen durchkämmt Enna auf der Suche nach ihnen das Alte Land, ohne zu ahnen, dass dieser Weg sie für immer verändern wird. Ein Roman über Geheimnisse, die uns auseinander treiben können  oder für immer miteinander verbinden.</marc:subfield>
   </marc:datafield>
   <marc:datafield ind1=" " ind2=" " tag="020">
      <marc:subfield code="a">9783758700224</marc:subfield>
      <marc:subfield code="9">9783758700224</marc:subfield>
   </marc:datafield>
</marc:record>
